Orbital Mechanics (Record no. 595436)

000 -LEADER
fixed length control field 00364nam a22001337a 4500
020 ## - INTERNATIONAL STANDARD BOOK NUMBER
International Standard Book Number 1563470071
040 ## - CATALOGING SOURCE
Transcribing agency NUST
082 ## - DEWEY DECIMAL CLASSIFICATION NUMBER
Classification number 629.1 ORB-P
100 ## - MAIN ENTRY--PERSONAL NAME
Personal name Chobotov, Vladimir A
9 (RLIN) 59439
245 ## - TITLE STATEMENT
Title Orbital Mechanics
260 ## - PUBLICATION, DISTRIBUTION, ETC.
Place of publication, distribution, etc. Washington:
Name of publisher, distributor, etc. American Institute of Aeronautics and Astronautics,
Date of publication, distribution, etc. 1991.
650 ## - SUBJECT ADDED ENTRY--TOPICAL TERM
Topical term or geographic name entry element Orbital Mechanics
9 (RLIN) 19174
942 ## - ADDED ENTRY ELEMENTS (KOHA)
Source of classification or shelving scheme
Koha item type Book
Holdings
Withdrawn status Lost status Source of classification or shelving scheme Damaged status Not for loan Permanent Location Current Location Shelving location Date acquired Total Checkouts Full call number Barcode Date last seen Price effective from Koha item type
          College of Electrical & Mechanical Engineering (CEME) College of Electrical & Mechanical Engineering (CEME) General Stacks 08/08/2023   629.1 ORB-P CEME-41028 08/08/2023 08/08/2023 Book
© 2023 Central Library, National University of Sciences and Technology. All Rights Reserved.